Diseño de laboratorios farmacéuticos: producción de cápsulas de gelatina blandas para la administración de medicamentos.

La construcción de una moderna planta farmacéutica destinada a la producción de cápsulas gelatinosas blandas conlleva el aprovechamiento del “know how” y la revisión de las normas existentes a nivel internacional o europeo, sobre el diseño, construcción y validación de instalaciones y equipos. Las G...

Cijeli opis

Bibliografski detalji
Glavni autor: Zúñiga Hernando, Leyre
Daljnji autori: Calvo Hernáez, Begoña
Format: Knjiga
Jezik:Spanish
Teme:

MARC

LEADER 00000nam a22000007a 4500
003 Ucuenca
005 20231125064140.0
008 161112b2013 gw ||||| |||| 00| 0 spa d
999 |c 149176  |d 149176 
020 |a 978-3-659-06918-5 
040 |b spa  |a UCuenca-cdrjbv  |c UCuenca  |e rda 
041 |a spa 
082 0 |a 615.1 
100 1 |9 183709  |a Zúñiga Hernando, Leyre 
245 |a Diseño de laboratorios farmacéuticos: producción de cápsulas de gelatina blandas para la administración de medicamentos.  |c Leyre Zúñiga Hernando y Begoña Calvo Hernáez  |h imp 
264 |a Saarbrücken  |b Académica Española  |c 2013 
300 |a 121 páginas:  |b ilu  |c 22 cm 
336 |2 rdacontent  |a texto  |b txt 
337 |2 rdamedia  |a no mediado  |b n 
338 |2 rdacarrier  |a volumen  |b nc 
504 |a incl. ref. 
505 1 |a Introducción -- Ventajas e inconvenientes -- Formulación de excipientes -- Procedimiento de fabricación -- Ensayos de cápsulas -- Diseño planta de producción -- Equipos de proceso -- Servicios -- Líneas de producción -- Validación de la instalación industrial -- Análisis del proyecto. 
520 3 |a La construcción de una moderna planta farmacéutica destinada a la producción de cápsulas gelatinosas blandas conlleva el aprovechamiento del “know how” y la revisión de las normas existentes a nivel internacional o europeo, sobre el diseño, construcción y validación de instalaciones y equipos. Las GMP (Normas de Correcta Fabricación de Medicamentos) proporcionan las directrices tecnológicas para el diseño de una planta farmacéutica pero no especifican cómo se debe llevar a cabo. El “diseño conceptual” es la etapa de un proyecto durante la cual se establecen las especificaciones que permitirán la elaboración de la documentación de diseño o ingeniería de detalle. En el diseño conceptual de una planta farmacéutica, la documentación correspondiente debe incluir entre otros los siguientes puntos: proceso de producción, equipos de proceso, diseño de la arquitectura exterior e interior, diseño de los sistemas críticos, planos y el bosquejo del plan maestro de validación. En esta obra se sientan las bases de un nuevo concepto de diseño de instalaciones para la producción de cápsulas de gelatina blandas de acuerdo a la normativa europea. 
650 7 |a Farmacología  |9 3025 
650 0 |9 33065  |a Medicamentos 
700 1 |9 183710  |a Calvo Hernáez, Begoña 
942 |c BK  |z lucia.mora@ucuenca.edu.ec  |2 ddc  |0 1